Aplicación de herramientas de gestión de la calidad en el desarrollo de una metodología de evaluación de resultados de la política pública en materia de calidad del aire en el Área Metropolitana de Guadalajara /

Se propone un análisis de políticas públicas, desde una perspectiva de gestión de calidad, para evaluar el programa ProAire 2014-2020, encargado de mejorar la calidad del aire en la Zona Metropolitana de Guadalajara. Para ello, se propone un modelo para evaluar el desempeño y la confiabilidad de los...

Descrición completa

Gardado en:
Detalles Bibliográficos
Autor Principal: Egurrola Hernández, Edgar Alán (autor)
Formato: Tesis Libro
Idioma:Lingua castelá
Publicado: Guadalajara, México : edición de autor, 2021
Temas:
Acceso en liña:Ver documento en línea
Etiquetas: Engadir etiqueta
Sen Etiquetas, Sexa o primeiro en etiquetar este rexistro!

MARC

LEADER 00000nam^a2200000^a^4500
001 000586391
005 20251023000000.0
009 20260310132749.165
037 |a Acervo ITESO - Biblioteca 
041 |a ESP 
090 |a MIC. 119 
100 |a Egurrola Hernández, Edgar Alán  |e (autor) 
245 1 0 |a Aplicación de herramientas de gestión de la calidad en el desarrollo de una metodología de evaluación de resultados de la política pública en materia de calidad del aire en el Área Metropolitana de Guadalajara /  |c E.A. Egurrola Hernández. 
264 1 |a Guadalajara, México :  |b edición de autor,  |c 2021 
300 |a 1 tesis electrónica en línea (266 p.) 
300 |a 1 recurso en línea 
336 |a datos para computadora  |b cod  |2 rdacontenido 
337 |a computadora  |b c  |2 rdamedio 
338 |a recurso en línea  |b cr  |2 rdasoporte 
502 |a ITESO Tesis de Maestría en Ingeniería y Gestión de la Calidad 
520 |a Se propone un análisis de políticas públicas, desde una perspectiva de gestión de calidad, para evaluar el programa ProAire 2014-2020, encargado de mejorar la calidad del aire en la Zona Metropolitana de Guadalajara. Para ello, se propone un modelo para evaluar el desempeño y la confiabilidad de los sensores electrónicos que monitorean la calidad del aire, y se planteó una metodología para evaluar el impacto del programa MiBici en la reducción de emisión y propagación de contaminantes. 
649 |a XX 
650 |a Transporte Urbano -  |z Guadalajara, Jalisco 
650 |a Contaminación Ambiental -  |z Guadalajara, Jalisco 
650 |a Calidad del Aire -  |z Guadalajara, Jalisco -  |x Tema Principal 
650 |a Calidad Ambiental -  |z Guadalajara, Jalisco 
650 |a Monitoreo Ambiental -  |z Guadalajara, Jalisco 
650 |a Impacto Ambiental -  |x Análisis -  |z Guadalajara, Jalisco -  |x Tema Principal 
650 |a Toma de Decisiones -  |x Análisis de Información 
650 |a Control de Calidad -  |x Tema Principal 
650 |a Ingeniería de Procesos 
650 |a Política Ambiental -  |z Guadalajara, Jalisco 
650 |a Políticas Públicas -  |z Guadalajara, Jalisco 
650 |a Administración Pública -  |z Guadalajara, Jalisco 
856 4 0 |u https://rei.iteso.mx/handle/11117/7750  |y Ver documento en línea 
910 |a Fondo General 
920 |a Electrónicos - Tesis del ITESO en Línea 
930 |a Repositorio Institucional 
905 |a 201 
901 |a 586391-1  |b IT2  |c ETI  |u 20250521 
902 |a https://opac.biblio.iteso.mx/vufind/Record/000586391